טוען...

MBD guide to all India pre-medical/ pre-dental entrance examinations /

מידע ביבליוגרפי
מחבר ראשי: Arora
פורמט: Printed Book
שפה:English
יצא לאור: New Delhi : Malhotra Book Depot, 1988.
LEADER 00465nam a2200121Ia 4500
008 150624b xxu||||| |||| 00| 0 eng d
082 |a 610.76 
100 |a Arora 
245 |a MBD guide to all India pre-medical/ pre-dental entrance examinations /  |c Arora 
260 |a New Delhi :  |b Malhotra Book Depot,  |c 1988. 
942 |c BK 
999 |c 39456  |d 39456 
952 |0 1  |1 0  |4 0  |6 610_760000000000000_ARO_M_R  |7 0  |9 39453  |a UL  |b UL  |c ST1  |d 1998-09-01  |l 0  |o 610.76 ARO/M R  |p 57312  |r 2012-10-27  |w 2012-10-27  |y BK